00287nam a2200121Ia 45000030006000000080041000060400015000471000011000622450043000732600020001165460012001360050017001480STCL150530s9999 xx 000 0 und d aSTCLcSTCL aFrazer aGorgons head and other literary pieces bMacmillanc1927 aEnglish20220125171140.0